000 00606cam a22002058i 4500
001 20679495
008 180924s2018 nyu 000 0 eng
010 _a 2018042179
020 _a9781559365871 (trade paper)
040 _aDLC
_beng
_erda
_cCUZ
050 0 0 _aPR6113.O7487
_bMOR
100 1 _aMorisseau, Dominique,
_eauthor.
245 1 0 _aPipeline /
_cby Dominique Morisseau.
264 1 _aNew York :
_bTheatre Communications Group,
_c2018.
300 _a90 pages
_c21 cm
336 _atext
_btxt
337 _aunmediated
_bn
338 _2rdacarrier
942 _cOS
999 _c44560
_d44560